Detalles MARC
| 000 -LÍDER |
| Campo fijo de descripción fija |
01731aam a2200325 4500 |
| 001 - NÚMERO DE CONTROL |
| Campo de control |
768714001 |
| 003 - IDENTIFICADOR DEL NÚMERO DE CONTROL |
| Campo de control |
CO-MdFUSB |
| 005 - FECHA Y HORA DE LA ULTIMA TRANSACCIÓN |
| control field |
20170512091511.0 |
| 008 - ELEMENTOS DE LONGITUD FIJA -- INFORMACIÓN GENERAL |
| Campo fijo de descripción fija -- Información general |
170512t2016 sp ||||f |||| 00| 0 spa d |
| 020 ## - NÚMERO INTERNACIONAL NORMALIZADO PARA LIBROS |
| Número Internacional Normalizado del libro |
978-84-9879-022-1 |
| Información adicional |
(Vol. 1) |
| 020 ## - NÚMERO INTERNACIONAL NORMALIZADO PARA LIBROS |
| Número Internacional Normalizado del libro |
978-84-9879-151-8 |
| Información adicional |
(Vol. 2) |
| 020 ## - NÚMERO INTERNACIONAL NORMALIZADO PARA LIBROS |
| Número Internacional Normalizado del libro |
978-84-9879-242-3 |
| Información adicional |
( Vol. 3) |
| 020 ## - NÚMERO INTERNACIONAL NORMALIZADO PARA LIBROS |
| Número Internacional Normalizado del libro |
978-84-9879-610-0 |
| Información adicional |
(Vol. 4) |
| 020 ## - NÚMERO INTERNACIONAL NORMALIZADO PARA LIBROS |
| Número Internacional Normalizado del libro |
978-84-9879-023-8 |
| Información adicional |
(Vol. 5) |
| 040 ## - FUENTE DE CATALOGACIÓN |
| Agencia de catalogación original |
CO-MdFUSB |
| Idioma de catalogación |
spa |
| Agencia que realiza la transcripción |
CO-MdFUSB |
| Agencia que realiza la modificación |
CO-MdFUSBC |
| Convenciones de la descripción |
rda |
| 041 ## - CÓDIGO DE IDIOMA |
| Código de idioma para texto/pista de sonido o título separado |
spa |
| 082 04 - NÚMERO DE CLASIFICACIÓN DECIMAL DEWEY |
| Número de clasificación |
R F4879f |
| 245 10 - TÍTULO |
| Título del Material |
Filón de Alejandría |
| Parte restante del título - Subtitulo |
: obras completas |
| Mención de responsabilidad, etc. |
/ Edición dirigida por José Pablo Martín |
| 264 #1 - PRODUCCIÓN, PUBLICACIÓN, DISTRIBUCIÓN, MANUFACTURA, Y COPYRIGHT |
| Lugar de producción, publicación, distribución, manufactura |
Madrid : |
| Nombre del productor, publicador, distribuidor |
Trotta, |
| Fecha de producción, publicación, distribución, manufactura, o copyright |
[2016] |
| 264 #4 - PRODUCCIÓN, PUBLICACIÓN, DISTRIBUCIÓN, MANUFACTURA, Y COPYRIGHT |
| Fecha de producción, publicación, distribución, manufactura, o copyright |
©2016 |
| 300 ## - DESCRIPCIÓN FÍSICA |
| Extensión |
5 volumenes |
| Otros detalles físicos |
: |
| Dimensiones |
23 cm. |
| 336 ## - TIPO DE CONTENIDO |
| Fuente |
rdacontent |
| Término de tipo de contenido |
|
| Código de tipo de contenido |
|
| 337 ## - TIPO DE MEDIO |
| Fuente |
rdamedia |
| Nombre del tipo de medio |
|
| Código del tipo de medio |
|
| 338 ## - TIPO DE SOPORTE |
| Fuente |
rdacarrier |
| Nombre del tipo de soporte |
|
| Código Tipo de soporte |
|
| 501 ## - NOTA DE “CON” |
| Nota de Contenido |
Rústico |
| 505 00 - NOTA DE CONTENIDO |
| Nota de contenido con formato preestablecido |
Volumen I : La creación del mundo según Moisés -- Alegorías de las leyes I-II -- Volumen II : Sobre los querubines -- Los sacrificios de Abel y Caín -- Sobre los gigantes -- Sobre la inmutabilidad de Dios -- Sobre la agricultura -- Sobre la plantación -- Sobre la ebriedad -- Sobre la sobriedad -- Volumen III : La confusión de la lengua -- La migración de Abraham -- El heredero de los bienes divinos -- Acerca de la unión con los estudios preliminares -- Sobre la fuga y el encuentro -- Sobre el cambio de nombres -- Sobre Dios -- Volumen IV: Sobre los sueños -- Sobre Abraham -- Sobre José -- Sobre las virtudes -- Premios y castigos -- Volumen V : Vida de Moisés I-II -- La vida contemplativa -- Contra Flaco -- Embajada ante Gayo. |
| 600 07 - ASIENTO SECUNDARIO DE MATERIA - NOMBRE PERSONAL |
| Nombre personal |
Filón, |
| Títulos y otros términos asociados al nombre |
de Alejandría |
| Título de la obra |
Obras Clásicas |
| 720 ## - ASIENTO SECUNDARIO - NOMBRE NO CONTROLADO |
| Nombre |
Martín, José Pablo |
| Término de relación |
director |
| 942 ## - TIPO DE MATERIAL (KOHA) |
| Tipo de Item KOHA |
Libros General |